Watt časopis pre priaznivcov hifi a high end
| New Title: | Watt audio Watt foto-video |
|---|---|
| Format: | Journal |
| Language: | Slovak |
| PhysicalDescription: | 5 zv. 28-30 cm |
| Published: |
Bratislava
Vydavateľstvo VKV
1997-2001
Banská Bystrica Watt Bratislava T Centrum |
| ISSN: | 1335-499X 1335-8553 1335-8561 |
| Subjects: |
MARC
| LEADER | 00000cas a2200000 a 4500 | ||
|---|---|---|---|
| 001 | vtls001461050 | ||
| 003 | SK-MaSNL | ||
| 005 | 20260228160707.0 | ||
| 008 | 031009d19972001xo mr|p 0 0b0slo | ||
| 022 | |a 1335-499X | ||
| 035 | |a SNK000416357 | ||
| 040 | |a SNK |b slo |c SNK |e AACR2 | ||
| 041 | 0 | |a slo | |
| 044 | |a xo |c SK | ||
| 072 | 7 | |a 681 |x Presná mechanika a prístroje. Hudobné nástroje |2 konspekt | |
| 072 | 7 | |a 004 |x Počítačová veda. Výpočtová technika. Informačné technológie |2 konspekt | |
| 072 | 7 | |a 621.39 |x Oznamovacia technika |2 konspekt | |
| 080 | |a 681.84.081 |2 2001 | ||
| 080 | |a 050 |2 2001 | ||
| 080 | |a 004.032.6 |2 2001 | ||
| 080 | |a 621.39 |2 2001 | ||
| 210 | 0 | |a Watt plus i | |
| 222 | 0 | |a Watt plus i | |
| 245 | 0 | 0 | |a Watt |b časopis pre priaznivcov hifi a high end |
| 246 | 1 | 3 | |a Watt plus "i" |f 1998-11/2000 |
| 246 | 1 | 7 | |a Watt |f 1998-2001 |
| 246 | 1 | |i Názov v tiráži: |a Watt+i | |
| 246 | 1 | 3 | |a Watt |b audio+cd, foto-video |f 1/2001-2/2001 |
| 260 | |a Bratislava |b Vydavateľstvo VKV |c 1997-2001 | ||
| 260 | 2 | |3 1998-12/2000 |a Banská Bystrica |b Watt | |
| 260 | 3 | |3 1/2001-2/2001 |a Bratislava |b T Centrum | |
| 300 | |a 5 zv. |c 28-30 cm | ||
| 310 | |a 1x mesačne |b 3/1997-2/2001 | ||
| 321 | |a 6x ročne |b 1/1997-2/1997 | ||
| 362 | 0 | |a Č. 1 (máj 1997)-roč. IV, č. 2 (2001) | |
| 500 | |a Šéfredaktori sa menia | ||
| 500 | |a Od č. 10/2000 rozmer zv. 28 cm | ||
| 500 | |a Reg. č.: MK 1811/97 | ||
| 500 | |a Podnázov od č. 1/2000-12/2000: audio, video ; podnázov v tiráži od č. 1/2001-2/2001: mesačník o zvuku a obraze | ||
| 500 | |a Každé číslo má informačnú prílohu: Íčko | ||
| 515 | |a Titul má aj priebežné číslovanie | ||
| 650 | 0 | 7 | |a audiotechnika |2 SNKPH |9 14246 |
| 650 | 0 | 7 | |a multimédiá |2 SNKPH |9 2022 |
| 650 | 0 | 7 | |a oznamovacia technika |2 SNKPH |9 1533 |
| 655 | 7 | |a špecializované časopisy |2 SNKPH |9 70509 | |
| 655 | 7 | |a odborné časopisy |2 SNKPH |9 70505 | |
| 785 | 0 | 6 | |t Watt audio |x 1335-8553 |w vtls001467836 |
| 785 | 0 | 6 | |t Watt foto-video |x 1335-8561 |w vtls001476107 |
| 910 | |a snk | ||
| 958 | |a OND | ||
| 999 | |c 3386 |d 5316 | ||
| 952 | |0 0 |1 0 |4 0 |7 0 |8 0 |a SNK |b SNK |d 2003-10-09 |i snkČSP 811/2003 |l 0 |o snkČSB 5184/3/2000 D1 |p 17A0400241 |r 2005-01-02 00:00:00 |t č. 1-12 |w 2026-02-21 |y PREZ | ||
| 952 | |0 0 |1 0 |4 0 |7 0 |a SNK |b SNK |d 2016-05-17 |i snkČSP 2557/2003 |l 0 |o snkČSB 5184/4/2001 |p 17A0985179 |r 2026-02-21 19:32:16 |t č. 1-2 |w 2026-02-21 |y PREZ | ||
| 952 | |0 0 |1 0 |4 0 |7 0 |a SNK |b SNK |d 2008-02-29 |i snkČSP 810/2003 |l 0 |o snkČSB 5184/3/2000 |p 17A0579618 |r 2026-02-21 20:39:18 |t č. 1-12 |w 2026-02-21 |y PREZ | ||
| 952 | |0 0 |1 0 |4 0 |7 0 |a SNK |b SNK |d 2016-05-19 |i snkČSP 380/2003 |l 0 |o snkČSB 5184/1997 D1 |p 17A1099892 |r 2026-02-21 21:23:33 |t č. 1-6 |w 2026-02-21 |y PREZ | ||
| 952 | |0 0 |1 0 |4 0 |7 0 |a SNK |b SNK |d 2016-05-19 |i snkČSP 1370/2002 |l 0 |o snkČSB 5184/1998 D1 |p 17A1099889 |r 2026-02-21 21:23:33 |t č. 1-12 |w 2026-02-21 |y PREZ | ||
| 952 | |0 0 |1 0 |4 0 |7 0 |8 0 |a SNK |b SNK |d 2016-05-19 |i snk2016/13093 |l 0 |o snkČSB 5184/2/1999 D1 |p 17A1099890 |r 2026-02-21 21:23:33 |t č. 1-12, neúplné |w 2026-02-21 |y PREZ |z chýba č. 3 | ||
| 952 | |0 0 |1 0 |4 0 |7 0 |a SNK |b SNK |d 2016-05-19 |i snkČSP 2558/2003 |l 0 |o snkČSB 5184/4/2001 D1 |p 17A1099891 |r 2026-02-21 21:23:33 |t č. 1-2 |w 2026-02-21 |y PREZ | ||
| 952 | |0 0 |1 0 |4 0 |7 0 |a SNK |b SNK |d 2016-05-17 |i snkČSP 379/2003 |l 0 |o snkČSB 5184/1997 |p 17A0896570 |r 2026-02-21 22:23:49 |t č. 1-6 |w 2026-02-21 |y PREZ | ||
| 952 | |0 0 |1 0 |4 0 |7 0 |a SNK |b SNK |d 2016-05-17 |i snkČSP 1369/2002 |l 0 |o snkČSB 5184/1998 |p 17A0896582 |r 2026-02-21 22:23:49 |t č. 1-12 |w 2026-02-21 |y PREZ | ||
| 952 | |0 0 |1 0 |4 0 |7 0 |a SNK |b SNK |d 2016-05-17 |i snkČSP 1278/2004 |l 0 |o snkČSB 5184/2/1999 |p 17A0896581 |r 2026-02-21 22:23:49 |t č. 1-12 |w 2026-02-21 |y PREZ | ||


